000 00977nac a22002777a 4500
001 BR9801027
003 BR-BrBNA
005 20240105122044.0
008 230509b bl.|||m| |||| 00| 0 por d
040 _aBR-BrBNA
_bpor
_cBiblioteca Nacional de Agricultura
072 _aF04
090 _a1410 BR9801027
100 1 _aSouza Filho, B.F. de
100 1 _aAndrade, M.J.B. de
110 1 _aEmpresa de Pesquisa Agropecuaria do Estado do Rio de Janeiro, Campos (Brasil). Estacao Experimental de Campos
245 1 _aAdubacao do feijoeiro em varzea do norte Fluminense
260 3 _aCampos, RJ (Brasil):
_c1993.
300 _a2 p.
490 _aComunicado Tecnico - Empresa de Pesquisa Agropecuaria do Estado do Rio de Janeiro. Estacao Experimental de Campos (Brazil)
_vno. 218
_xISSN 0100-986X
650 _aFeijao
650 _aAdubacao
650 _aVarzea
650 _aRio de Janeiro
909 _a202312
_bLúcia Elande
_c55
_dLúcia Elande
942 _2AGRIS
_n0
_cMS
999 _c288957
_d288957